| 000 | 00512nam#a2200193#c#4500 | ||
|---|---|---|---|
| 003 | IEF | ||
| 005 | 20180219163733.0 | ||
| 008 | 950601s1975 uuu####fr####| 0||u| |u | ||
| 040 | _aIEF | ||
| 100 | 1 |
_aLortie, Pierre _926639 |
|
| 245 | _aEconomic integration and the law of GATT | ||
| 260 |
_aNew York, etc. _b Praeger Poblishers _c1975 |
||
| 300 |
_aXVIII, 177 p. _c 24 cm. |
||
| 500 | _aContiene Bibliografía | ||
| 650 | 4 |
_aINTEGRACION ECONOMICA _947497 |
|
| 942 | _cLIB | ||
| 942 | _z57636 | ||
| 999 |
_c83508 _d83508 |
||